[Proyecto de ley para la ejecución de los aranceles]. (Registro nro. 168352)

Detalles MARC
000 -LEADER
campo de control de longitud fija 00560nam a22001695i 4500
001 - NÚMERO DE CONTROL
campo de control 168352
003 - IDENTIFICADOR DE NÚMERO DE CONTROL
campo de control ES-MaACL
005 - FECHA Y HORA DE LA ÚLTIMA TRANSACCIÓN
campo de control 20230906213745.0
008 - DATOS DE LONGITUD FIJA--INFORMACIÓN GENERAL
campo de control de longitud fija 080327s1841 sp |||| | spa d
080 ## - NÚMERO DE LA CLASIFICACIÓN DECIMAL UNIVERSAL
Número de la Clasificación Decimal Universal 336.24(460)"18"
245 01 - MENCIÓN DEL TÍTULO
Título [Proyecto de ley para la ejecución de los aranceles].
260 ## - PUBLICACIÓN, DISTRIBUCIÓN, ETC.
Lugar de publicación, distribución, etc. [Madrid :
Nombre del editor, distribuidor, etc. s.n.,
Fecha de publicación, distribución, etc. 1841?]
300 ## - DESCRIPCIÓN FÍSICA
Extensión P. [3]-109 p. ;
Dimensiones 20 cm.
594 ## - Nota al título y mención de responsabilidad
Nota al título y mención de responsabilidad Título tomado de la primera página de texto conservada.
650 #4 - PUNTO DE ACCESO ADICIONAL DE MATERIA--TÉRMINO DE MATERIA
Término de materia o nombre geográfico como elemento de entrada Aranceles de aduanas-
Subdivisión geográfica España-
Subdivisión cronológica S.XIX.
9 (RLIN) 9930
852 4# - LOCALIZACIÓN
Ubicación ES-MaACL
Número de control de estantería T-12-F-4
Nota libre - Falto de port.
Existencias
Estatus retirado Estado de pérdida Estado de daño No para préstamo Colección Biblioteca de origen Biblioteca actual Ubicación en estantería Fecha de adquisición Fuente de adquisición Total de préstamos Signatura topográfica completa Código de barras Visto por última vez Precio de reemplazo Tipo de ítem Koha
        Colección de folletos Biblioteca del Ateneo de Madrid Biblioteca del Ateneo de Madrid Depósito folletos 27/03/2008     T-12-F-4 1176648 23/02/2023 23/02/2023 Folleto